MARC details
| 000 -CABECERA |
| campo de control de longitud fija |
02416nab a2200289 a 4500 |
| 005 - FECHA Y HORA DE LA ÚLTIMA TRANSACCIÓN |
| campo de control |
20250924063924.0 |
| 008 - ELEMENTOS DE LONGITUD FIJA--INFORMACIÓN GENERAL |
| campo de control de longitud fija |
991125c2019 mx fr p o 000 0 spa d |
| 035 ## - NÚMERO DE CONTROL DEL SISTEMA |
| Número de control de sistema |
UPN01000230496 |
| 040 ## - FUENTE DE LA CATALOGACIÓN |
| Centro catalogador/agencia de origen |
MX-MxUPN |
| Lengua de catalogación |
spa |
| Centro/agencia transcriptor |
MX-MxUPN |
| Normas de descripción |
aacr2 |
| 049 ## - COLECCIÓN |
| Colección |
ART-E |
| 100 1# - ASIENTO PRINCIPAL--NOMBRE PERSONAL |
| Nombre de persona |
George Reyes, Carlos Enrique |
| Enlace |
- ce.george@live.com.mx |
| 100 1# - ASIENTO PRINCIPAL--NOMBRE PERSONAL |
| Nombre de persona |
Salado Rodríguez, Lilian Ivetthe |
| 245 10 - MENCIÓN DE TÍTULO |
| Título |
Competencias investigativas con el uso de las TIC en estudiantes de doctorado |
| Medio |
[recurso electrónico en línea] |
| 506 0# - NOTA DE RESTRICCIONES AL ACCESO |
| Limitaciones de acceso |
Acceso abierto |
| 520 3# - NOTA DE RESUMEN, ETC. |
| Sumario, etc. |
Los procesos de investigación forman parte de las actividades de los estudiantes que participan en programas educativos de doctorado. Independientemente del enfoque de formación o de la modalidad educativa del programa, existe la necesidad de obtener, seleccionar, organizar y analizar información relevante de diversos medios, sobre todo de internet, así como colaborar con los pares y socializar hallazgos en medios virtuales. El objetivo de este artículo es analizar las competencias investigativas relacionadas con el uso de las tecnologías de la información y la comunicación en estudiantes de doctorado de tres universidades mexicanas. El estudio es de tipo exploratorio-descriptivo, con un enfoque mixto; se utilizaron como instrumentos para recuperar información un cuestionario con ítems en escala tipo Likert, preguntas de opción múltiple y preguntas abiertas. Los hallazgos revelan que los estudiantes emplean con frecuencia las tecnologías con fines comunicativos y de búsqueda de información; sin embargo, tienen áreas de oportunidad en cuanto a determinar la veracidad de la información que recuperan de internet, emplear herramientas digitales diseñadas ex profeso para analizar la información, además de participar en la difusión de sus conocimientos a través de plataformas de internet. |
| 650 #4 - ASIENTO SECUNDARIO DE MATERIA - TERMINO TEMATICO |
| Término de materia o nombre geográfico como elemento de entrada |
Tecnologías de la información y comunicación |
| 9 (RLIN) |
21219 |
| 650 #4 - ASIENTO SECUNDARIO DE MATERIA - TERMINO TEMATICO |
| 9 (RLIN) |
7412 |
| Término de materia o nombre geográfico como elemento de entrada |
Investigación |
| 653 0# - TERMINO DE INDIZACION - NO CONTROLADO |
| Término no controlado |
Competencias digitales |
| 653 0# - TERMINO DE INDIZACION - NO CONTROLADO |
| Término no controlado |
Estudios de posgrado |
| 653 0# - TERMINO DE INDIZACION - NO CONTROLADO |
| Término no controlado |
Doctorado |
| 773 ## - ENLACE AL DOCUMENTO FUENTE/ENTRADA DE REGISTRO ANFITRIÓN |
| Parte(s) relacionada(s) |
Vol. 11, no. 1 (2019), p. 40-55 |
| Título |
Apertura : revista de innovación educativa |
| Número Internacional Normalizado para Publicaciones Seriadas |
2007-1094 |
| 856 40 - LOCALIZACIÓN Y ACCESO ELECTRÓNICOS |
| Identificador Uniforme del Recurso |
<a href="http://www.udgvirtual.udg.mx/apertura/index.php/apertura/article/view/1387/1017">http://www.udgvirtual.udg.mx/apertura/index.php/apertura/article/view/1387/1017</a> |
| 856 40 - LOCALIZACIÓN Y ACCESO ELECTRÓNICOS |
| Identificador Uniforme del Recurso |
<a href="http://dx.doi.org/10.32870/Ap.v11n1.1387">http://dx.doi.org/10.32870/Ap.v11n1.1387</a> |
| 902 ## - ELEMENTOS DE DATOS B LOCAL, LDB (RLIN) |
| Creó |
RGJD/100223 |
| Modificó |
RGJD/100223 |
| 905 ## - TIPO DE MATERIAL |
| Tipo de material |
Articulo |
| 942 ## - ELEMENTOS DE PUNTO DE ACCESO ADICIONAL (KOHA) |
| Tipo de ítem Koha |
Artículo Electrónico |